British Birds by Picture - Sandpiper Family - Statistics

General Stats
  • This quiz has been taken 14 times
  • The average score is 25 of 53
Answer Stats
Picture Hint Answer % Correct
Arenaria interpres (*) Ruddy Turnstone
100%
Calidris pugnax (*) Ruff
100%
Actitis hypoleucos Common Sandpiper
88%
Gallinago gallinago (*) Common Snipe
88%
Calidris alpina (*) Dunlin
88%
Calidris alba (*) Sanderling
88%
Tringa totanus (*) Common Redshank
75%
Calidris ferruginea Curlew Sandpiper
75%
Numenius arquata (*) Eurasian Curlew
75%
Scolopax rusticola (*) Eurasian Woodcock
75%
Phalaropus fulicarius ♀ (*) Red Phalarope
75%
Actitis macularius Spotted Sandpiper
75%
Tringa glareola Wood Sandpiper
75%
Tringa nebularia (*) Common Greenshank
63%
Numenius phaeopus (*) Eurasian Whimbrel
63%
Tringa ochropus Green Sandpiper
63%
Lymnocryptes minimus (*) Jack Snipe
63%
Calidris bairdii Baird's Sandpiper
50%
Limosa lapponica (*) Bar-Tailed Godwit
50%
Limosa limosa (*) Black-Tailed Godwit
50%
Tringa melanoleuca (*) Greater Yellowlegs
50%
Numenius hudsonicus (*) Hudsonian Whimbrel
50%
Tringa flavipes (*) Lesser Yellowlegs
50%
Calidris minuta (*) Little Stint
50%
Calidris maritima Purple Sandpiper
50%
Calidris canutus (*) Red Knot
50%
Tringa solitaria Solitary Sandpiper
50%
Calidris temminckii (*) Temminck's Stint
50%
Calidris minutilla Least Sandpiper
38%
Numenius minutus (*) Little Curlew
38%
Limnodromus scolopaceus (*) Long-Billed Dowitcher
38%
Calidris melanotos Pectoral Sandpiper
38%
Xenus cinereus Terek Sandpiper
38%
Gallinago delicata (*) Wilson's Snipe
38%
Calidris falcinellus Broad-Billed Sandpiper
25%
Calidris subruficollis Buff-Breasted Sandpiper
25%
Calidris tenuirostris (*) Great Knot
25%
Gallinago media (*) Great Snipe
25%
Limosa haemastica (*) Hudsonian Godwit
25%
Tringa stagnatilis Marsh Sandpiper
25%
Phalaropus lobatus ♀ (*) Red-Necked Phalarope
25%
Calidris pusilla Semipalmated Sandpiper
25%
Calidris acuminata Sharp-Tailed Sandpiper
25%
Limnodromus griseus (*) Short-Billed Dowitcher
25%
Tringa erythropus (*) Spotted Redshank
25%
Phalaropus tricolor ♀ (*) Wilson's Phalarope
25%
Tringa brevipes (*) Grey-Tailed Tattler
13%
Calidris subminuta (*) Long-Toed Stint
13%
Calidris ruficollis (*) Red-Necked Stint
13%
Calidris himantopus Stilt Sandpiper
13%
Bartramia longicauda Upland Sandpiper
13%
Calidris mauri Western Sandpiper
13%
Calidris fuscicollis White-Rumped Sandpiper
13%
No matching quizzes found
Score Distribution
Percent of People with Each Score
Percentile by Number Answered
Your Score History
You have not taken this quiz